000 00753nam a2200229 4500
003 OSt
005 20210920163004.0
008 s2001 le fre u
040 _aLB-BrCRDP
082 1 _a372.4122
_bFr.POI.EB4
100 1 _aNader, Georgette Marie
245 1 0 _aAu - Delà des mots...4 Lecture et expression
_cGeorgette Marie Nader, Yolande Bardaghgi, Rita Chabab
250 _a1ère édition
260 _aBeirut
_bLe Pointier
_c2001
490 0 _aAu - Delà des mots
650 _aFrançais (Langue) -- EB4 -- Lecture et expression
650 _aFrançais (Langue) -- EB4 -- Expression
700 1 _aBardaghgi, Yolande
700 1 _aChabab, Rita
942 _cBK
_2ddc
999 _c5104
_d5104